000 00969nas a2200301 4500
001 BR2022000500
003 BR-BrBNA
005 20231205132249.0
007 ta
008 230509b bl.|||p| |||| 00| 00por d
040 _aBR-BrBNA
_bpor
_cBiblioteca Nacional de Agricultura
041 _a(Pt)
072 _aJ11
100 1 _aSanches, A.G.
100 1 _aSilva, M.B. da
100 1 _aMoreira, E.G.S.
100 1 _aCordeiro, C.A.M.
245 1 _aRelação entre a embalagem e a temperatura de armazenamento na conservação do pimentão vermelho cv. Rubi
650 _aPIMENTÃO
650 _aPÓS-COLHEITA
650 _aARMAZENAMENTO
650 _aEMBALAGEM
650 _aPRESERVAÇÃO DE ALIMENTO
773 0 _tActa Iguazu (Brazil)
_xISSN 2316-4093
_g(2015), v. 4(4) p. 1-12
_wBR2022000500
856 4 0 _uhttps://e-revista.unioeste.br/index.php/actaiguazu/article/view/13481/9278
909 _a202311
_bLúcia
_c55
_dLúcia Elande
942 _2AGRIS
_n0
_cANA
999 _c259363
_d259363